=LDR 00000nam 2200000 4500 =001 INLIS000000000013538 =005 20130612104921 =008 ***********************************Ind** =035 ##$$0010-061300000013538 =041 ##$$a Ind =082 ##$$a 635.8 =090 ##$$a 635.8, Sur b =100 ##$$a Suriawiria, H. Unus =245 ##$$a Budi daya jamur shiltake, H. Unus Suriawiria =260 ##$$a 2004 $b Jakarta =300 ##$$a 80 hlm, Ilus, 21 cm =650 ##$$a Jamur =850 ##$$a NBPNMAT